000 00427nam a2200157Ia 4500
008 160319s9999 xx 000 0 und d
245 _aMacbeth /
260 _aUnited States of America :
260 _bColumbia Pictures Inc.
260 _c1999
300 _a1 videocassette (135 min.) 
300 _bbsound, color ;
300 _c4 3/4 in.
650 _aFeature Film.
700 _aThe tragedy of Macbeth., other Title.
999 _c292450
_d292450